Engineering hydrology / (Record no. 102083)

MARC details
000 -LEADER
fixed length control field 00561nam a22001937a 4500
005 - DATE AND TIME OF LATEST TRANSACTION
control field 20160810121938.0
010 ## - LCCN (DPL NO)
LC control number ENG-115700
020 ## - INTERNATIONAL STANDARD BOOK NUMBER
International Standard Book Number 9788120353438
Terms of availability 425.00
035 ## - SYSTEM CONTROL NUMBER
System control number EN-99232
037 ## - SOURCE OF ACQUISITION
Source of stock number/acquisition DBAD/PUB
082 ## - DEWEY DECIMAL CLASSIFICATION NUMBER
Classification number 627
100 ## - MAIN ENTRY--PERSONAL NAME
Personal name Goyal,Manish Kumar
245 ## - TITLE STATEMENT
Title Engineering hydrology /
Statement of responsibility, etc by Manish Kumar Goyal
260 ## - PUBLICATION, DISTRIBUTION, ETC. (IMPRINT)
Place of publication, distribution, etc Delhi
Name of publisher, distributor, etc PHI Learning
Date of publication, distribution, etc 2016
270 ## - ADDRESS
Address Rimjhim House,111,Patparganj Industrial Estate
City Delhi
Postal code 110092
300 ## - PHYSICAL DESCRIPTION
Extent xi,335p.
Dimensions 24cm(pbk)
500 ## - GENERAL NOTE
General note Includes index
942 ## - ADDED ENTRY ELEMENTS (KOHA)
Source of classification or shelving scheme Dewey Decimal Classification
Item type English Books
Classification part 627
Call number suffix GOY
Holdings
Withdrawn status Lost status Not for loan Collection code Home library Current library Date acquired Source of acquisition Cost, normal purchase price Full call number Barcode Copy number Cost, replacement price Koha item type
      Non-fiction Katevara Katevara 10/08/2016 DBAD/PUB 425.00 627 GOY EN-99232 1 425.00 English Books

© Delhi Public Library
Hit Counter
free hit counter